Trò diễn trong hội làng cổ truyền xứ Thanh Quyển 2
Tập này gồm: Trò Ngô xứ Thanh; nghê thuật sân khấu (kịch hát bội, kịch bản chèo truyền thống, kịch bản chèo làng Mưng;...)
Guardado en:
| Autor principal: | |
|---|---|
| Otros Autores: | |
| Formato: | Libro |
| Lenguaje: | Undetermined |
| Publicado: |
H.
Hội nhà văn
2016
|
| Materias: | |
| Acceso en línea: | http://lrc.tdmu.edu.vn/opac/search/detail.asp?aID=2&ID=28549 |
| Etiquetas: |
Agregar Etiqueta
Sin Etiquetas, Sea el primero en etiquetar este registro!
|
| Thư viện lưu trữ: | Trung tâm Học liệu Trường Đại học Thủ Dầu Một |
|---|
| LEADER | 01143nam a2200229Ia 4500 | ||
|---|---|---|---|
| 001 | TDMU_28549 | ||
| 008 | 210410s9999 xx 000 0 und d | ||
| 082 | |a 390.089 | ||
| 090 | |b H407 | ||
| 100 | |a Hoàng, Anh Nhân | ||
| 245 | 0 | |a Trò diễn trong hội làng cổ truyền xứ Thanh | |
| 245 | 0 | |c Hoàng Anh Nhân (ch.b); Hoàng Bá Tường (b.soạn); Lê kim Lữ...[và nh.ng.khác] (s.t) | |
| 245 | 0 | |n Quyển 2 | |
| 260 | |a H. | ||
| 260 | |b Hội nhà văn | ||
| 260 | |c 2016 | ||
| 300 | |a 241 tr. | ||
| 520 | |a Tập này gồm: Trò Ngô xứ Thanh; nghê thuật sân khấu (kịch hát bội, kịch bản chèo truyền thống, kịch bản chèo làng Mưng;...) | ||
| 650 | |a Văn hóa dân gian |x Lễ hội |z Xứ Thanh (Thanh Hóa - Việt Nam); Thanh Hóa (Việt Nam) |x Văn hóa |x Lễ hội; Lễ hội |x Xứ Thanh (Thanh Hóa - Việt Nam) | ||
| 700 | |a Hoàng, Bá Tường | ||
| 856 | |u http://lrc.tdmu.edu.vn/opac/search/detail.asp?aID=2&ID=28549 | ||
| 980 | |a Trung tâm Học liệu Trường Đại học Thủ Dầu Một | ||